| 000 | 00495nam a2200145Ia 4500 | ||
|---|---|---|---|
| 008 | 231217s9999 xx 000 0 und d | ||
| 041 | _aEnglish | ||
| 082 | _a001.6404 RAY;4 | ||
| 100 | _aRay, Ajoy Kumar. Bhurchandi, Kishor M. | ||
| 245 | 0 | _aAdvanced microprocessors and peripherals : architecture, programming and interfacing | |
| 260 |
_c2000 _bTMH _aNew Delhi |
||
| 300 | _axvi+666 | ||
| 650 | _aAdvanced,microprocessors,peripherals,:,architecture,,programming,interfacing | ||
| 942 | _cAA | ||
| 999 |
_c170744 _d170744 |
||